| 000 | 00987am a2200301a 44500 | ||
|---|---|---|---|
| 003 | AR-BaBNM | ||
| 005 | 20251128204719.0 | ||
| 008 | 305119s1990 #AR|||||||||||000 | esp|| | ||
| 020 | _a84-86133-75-0 | ||
| 040 | _cAR-BaBNM | ||
| 100 | 1 | _aPeiró, Salvador | |
| 245 | 1 | 0 | _aPedagogía sistemática como teoría científica de la educación. Enclave y sentido de la pedagogía social en relación con la pedagogía general |
| 260 |
_aMadrid _bDykinson _c1990 |
||
| 300 | _a184 p. | ||
| 490 | 0 | _aDykinson educación | |
| 500 | _aLista de fuentes documentales sobre educación | ||
| 500 | _aLista de títulos de la colección | ||
| 504 | _aContiene referencias bibliográficas | ||
| 650 | 4 | _aCIENCIAS DE LA EDUCACION | |
| 650 | 4 | _aPEDAGOGIA | |
| 650 | 4 | _aMETODOLOGIA | |
| 650 | 4 | _aTEORIAS DE LA EDUCACION | |
| 650 | 4 | _aSOCIOLOGIA DE LA EDUCACION | |
| 653 | _aINNOVACIONES EDUCATIVAS | ||
| 700 | 1 |
_aMarín Ibáñez, Ricardo _eprologuista |
|
| 942 | _cBK | ||
| 998 | _cMARTIN | ||
| 999 |
_c8535 _d8535 |
||